[Event "FIN-chT1C 0809"]
[Site "Finland"]
[Date "2008.??.??"]
[Round "2.1"]
[White "Vuorisalo, Veli Matti"]
[Black "Lehto, Ville"]
[Result "1-0"]
[WhiteElo "2166"]
[BlackElo "2180"]
[PlyCount "97"]
[EventDate "2008.??.??"]
[EventType "team-tourn"]
[EventRounds "5"]
[EventCountry "FIN"]
[SourceTitle "EXT 2022"]
[Source "ChessBase"]
[SourceDate "2021.10.06"]
[SourceVersion "1"]
[SourceVersionDate "2021.10.06"]
[SourceQuality "1"]
[WhiteTeam "Pori PSY"]
[BlackTeam "Salo SK II"]
[WhiteTeamCountry "FIN"]
[BlackTeamCountry "FIN"]

1. c4 c5 2. g3 Nc6 3. Bg2 g6 4. Nc3 Bg7 5. a3 e6 6. b4 Nge7 7. Rb1 cxb4 8. axb4 d5 9. c5 0-0 10. b5 Ne5 11. d4 Nc4 12. Nf3 b6 13. Na4 a6 14. Nxb6 Nxb6 15. cxb6 Qxb6 16. Ba3 Re8 17. Bc5 Qa5+ 18. Bb4 Qd8 19. b6 Bb7 20. 0-0 Nf5 21. Bc5 Bc6 22. Qd3 Bb5 23. Rxb5 axb5 24. Qxb5 Nd6 25. Qc6 Nc4 26. b7 Rb8 27. Rb1 Qa5 28. Qxe8+ Rxe8 29. b8Q Rxb8 30. Rxb8+ Bf8 31. Rxf8+ Kg7 32. Rb8 Qa1+ 33. Bf1 h6 34. Kg2 g5 35. e3 g4 36. Ne5 Nxe5 37. dxe5 Qd1 38. Be7 d4 39. exd4 Qxd4 40. Bf6+ Kg6 41. Rg8+ Kf5 42. h3 gxh3+ 43. Kxh3 Qd1 44. Kg2 Qd5+ 45. Kg1 Qd1 46. Rd8 Qb1 47. Kg2 Qe4+ 48. f3 Qc2+ 49. Kh3 1-0

[Event "FIN-chT 0708"]
[Site "Finland"]
[Date "2007.11.18"]
[Round "5.7"]
[White "Parkkinen, Jyrki"]
[Black "Lehto, Ville"]
[Result "1/2-1/2"]
[WhiteElo "2237"]
[BlackElo "2180"]
[PlyCount "20"]
[EventDate "2007.09.15"]
[EventType "team-tourn"]
[EventRounds "9"]
[EventCountry "FIN"]
[SourceTitle "EXT 2022"]
[Source "ChessBase"]
[SourceDate "2021.10.06"]
[SourceVersion "1"]
[SourceVersionDate "2021.10.06"]
[SourceQuality "1"]
[WhiteTeam "Helsinki HSK"]
[BlackTeam "Salo SK"]
[WhiteTeamCountry "FIN"]
[BlackTeamCountry "FIN"]

1. Nf3 d6 2. d4 g6 3. e3 Bg7 4. b3 f5 5. Bb2 Nf6 6. Nbd2 0-0 7. c4 c6 8. Qc2 a5 9. e4 fxe4 10. Nxe4 Nxe4 1/2-1/2

[Event "FIN-chT1A 0506"]
[Site "Finland"]
[Date "2006.01.14"]
[Round "5.4"]
[White "Lehto, Ville"]
[Black "Pietinen, Pekka"]
[Result "1/2-1/2"]
[WhiteElo "2203"]
[BlackElo "2080"]
[PlyCount "37"]
[EventDate "2005.09.17"]
[EventType "team-tourn"]
[EventRounds "7"]
[EventCountry "FIN"]
[SourceTitle "EXT 2022"]
[Source "ChessBase"]
[SourceDate "2021.10.06"]
[SourceVersion "1"]
[SourceVersionDate "2021.10.06"]
[SourceQuality "1"]
[WhiteTeam "Salo SK"]
[BlackTeam "Helsinki HSK"]
[WhiteTeamCountry "FIN"]
[BlackTeamCountry "FIN"]

1. e4 e5 2. Nf3 Nc6 3. Bc4 Be7 4. c3 Nf6 5. d3 0-0 6. 0-0 a6 7. Re1 d6 8. h3 Na5 9. Nbd2 Nxc4 10. Nxc4 Re8 11. d4 exd4 12. Nxd4 d5 13. exd5 Qxd5 14. Ne3 Qd6 15. Nef5 Bxf5 16. Nxf5 Qxd1 17. Rxd1 Bc5 18. Be3 Bxe3 19. Nxe3 1/2-1/2

[Event "FIN-chT1A 0506"]
[Site "Finland"]
[Date "2005.09.17"]
[Round "1.4"]
[White "Lehto, Ville"]
[Black "Lauren, Martti"]
[Result "0-1"]
[WhiteElo "2203"]
[BlackElo "2179"]
[PlyCount "70"]
[EventDate "2005.09.17"]
[EventType "team-tourn"]
[EventRounds "7"]
[EventCountry "FIN"]
[SourceTitle "EXT 2022"]
[Source "ChessBase"]
[SourceDate "2021.10.06"]
[SourceVersion "1"]
[SourceVersionDate "2021.10.06"]
[SourceQuality "1"]
[WhiteTeam "Salo SK"]
[BlackTeam "Helsinki KS 58"]
[WhiteTeamCountry "FIN"]
[BlackTeamCountry "FIN"]

1. e4 c5 2. Nf3 g6 3. d4 cxd4 4. Nxd4 Bg7 5. c4 Nc6 6. Be3 Nf6 7. Nc3 0-0 8. Be2 d6 9. 0-0 Bd7 10. Nb3 b6 11. f4 Rc8 12. g4 Be8 13. g5 Nd7 14. Qe1 f6 15. h4 Bf7 16. Rd1 Nb4 17. Qd2 Nc5 18. Nxc5 dxc5 19. Qc1 Qc7 20. a3 Nc6 21. Nd5 Bxd5 22. cxd5 Nd4 23. Ba6 fxg5 24. Bxd4 Bxd4+ 25. Kg2 Qd7 26. Bxc8 Qxc8 27. f5 gxh4 28. Qf4 Qd7 29. b3 gxf5 30. Qxh4 Kh8 31. Rd3 Bf6 32. Qh3 Rg8+ 33. Kh1 Rg4 34. Qh2 fxe4 35. Qb8+ Rg8 0-1

[Event "FIN-chT 0405"]
[Site "Finland"]
[Date "2005.03.13"]
[Round "8.7"]
[White "Saastamoinen, Aarne"]
[Black "Lehto, Ville"]
[Result "1/2-1/2"]
[WhiteElo "2162"]
[BlackElo "2201"]
[PlyCount "23"]
[EventDate "2004.09.18"]
[EventType "team-tourn"]
[EventRounds "9"]
[EventCountry "FIN"]
[SourceTitle "EXT 2022"]
[Source "ChessBase"]
[SourceDate "2021.10.06"]
[SourceVersion "1"]
[SourceVersionDate "2021.10.06"]
[SourceQuality "1"]
[WhiteTeam "Joensuu SK"]
[BlackTeam "Salo SK"]
[WhiteTeamCountry "FIN"]
[BlackTeamCountry "FIN"]

1. e4 e5 2. Nf3 Nc6 3. Nc3 Bc5 4. Nxe5 Nxe5 5. d4 Bd6 6. dxe5 Bxe5 7. f4 Bxc3+ 8. bxc3 Nf6 9. Bd3 d5 10. e5 Ne4 11. Bxe4 dxe4 12. Qxd8+ 1/2-1/2

[Event "FIN-chT 0203"]
[Site "Finland"]
[Date "2003.03.15"]
[Round "8.4"]
[White "Sorri, Kari Juhani"]
[Black "Lehto, Ville"]
[Result "1-0"]
[WhiteElo "2263"]
[BlackElo "2231"]
[PlyCount "71"]
[EventDate "2002.10.21"]
[EventType "team-tourn"]
[EventRounds "9"]
[EventCountry "FIN"]
[SourceTitle "EXT 2004"]
[Source "ChessBase"]
[SourceDate "2003.11.25"]
[SourceVersion "1"]
[SourceVersionDate "2003.11.25"]
[SourceQuality "1"]
[WhiteTeam "Helsinki HSK"]
[BlackTeam "Salo SK"]
[WhiteTeamCountry "FIN"]
[BlackTeamCountry "FIN"]

1. e4 c5 2. Nf3 d6 3. d4 cxd4 4. Nxd4 Nf6 5. Nc3 Nc6 6. Bc4 e6 7. Bb3 a6 8. Be3 Qc7 9. f3 Na5 10. Qd2 Nc4 11. Bxc4 Qxc4 12. g4 Qc7 13. h4 b5 14. h5 h6 15. 0-0-0 b4 16. Nce2 Rb8 17. Kb1 a5 18. g5 hxg5 19. Bxg5 Be7 20. h6 g6 21. Ng3 e5 22. Nde2 Be6 23. f4 Bg4 24. f5 Bf3 25. Bxf6 Bxf6 26. fxg6 fxg6 27. Rhf1 Bxe2 28. Nxe2 Ke7 29. Rg1 Rbg8 30. c3 Qc6 31. Ka1 Qc5 32. cxb4 axb4 33. Rc1 Qb5 34. Rc7+ Ke6 35. Qe3 d5 36. exd5+ 1-0

[Event "FIN-chT 0203"]
[Site "Finland"]
[Date "2002.10.21"]
[Round "1.3"]
[White "Tuominen, Risto"]
[Black "Lehto, Ville"]
[Result "1/2-1/2"]
[WhiteElo "2205"]
[BlackElo "2231"]
[PlyCount "148"]
[EventDate "2002.10.21"]
[EventType "team-tourn"]
[EventRounds "9"]
[EventCountry "FIN"]
[SourceTitle "EXT 2004"]
[Source "ChessBase"]
[SourceDate "2003.11.25"]
[SourceVersion "1"]
[SourceVersionDate "2003.11.25"]
[SourceQuality "1"]
[WhiteTeam "Turku TS"]
[BlackTeam "Salo SK"]
[WhiteTeamCountry "FIN"]
[BlackTeamCountry "FIN"]

1. d4 Nf6 2. c4 g6 3. Nc3 Bg7 4. e4 0-0 5. Be2 d6 6. Nf3 c5 7. d5 e6 8. 0-0 Re8 9. Nd2 Na6 10. Re1 Nc7 11. f4 exd5 12. cxd5 b5 13. Bd3 c4 14. Bc2 b4 15. Na4 c3 16. Nf3 Bg4 17. bxc3 Bxf3 18. gxf3 Nh5 19. Rb1 Qh4 20. Rf1 bxc3 21. Rb3 Nxf4 22. Bxf4 Qxf4 23. Qd3 Rac8 24. Nxc3 Na6 25. Ne2 Qg5+ 26. Kh1 Nc5 27. Qe3 Qh5 28. Ra3 a5 29. Bd1 f5 30. Nf4 Qh6 31. Ne6 Qxe3 32. Rxe3 fxe4 33. fxe4 Be5 34. Ra3 Nxe4 35. Rxa5 Rc1 36. Kg2 Rb8 37. Rb5 Rcc8 38. a4 Nc3 39. Rxb8 Rxb8 40. a5 Rb2+ 41. Kh1 h5 42. a6 Rxh2+ 43. Kg1 Ra2 44. Bc2 Rxc2 45. Rf8+ Kh7 46. a7 Ra2 47. a8Q Rxa8 48. Rxa8 Nxd5 49. Ng5+ Kg7 50. Rd8 Kf6 51. Ne4+ Ke7 52. Rg8 Nf4 53. Kf2 d5 54. Ng5 Bf6 55. Nf3 Kf7 56. Ra8 g5 57. Ke3 Ne6 58. Ra7+ Kg6 59. Ra6 Kf5 60. Ra5 Nf4 61. Ra4 Be5 62. Rb4 Ne6 63. Rb5 Nf4 64. Rb4 h4 65. Ra4 h3 66. Ra8 Ng2+ 67. Kf2 g4 68. Rf8+ Bf6 69. Nh2 d4 70. Nxg4 Kxg4 71. Rxf6 Nf4 72. Rf8 d3 73. Ke3 Ng6 74. Rf1 h2 1/2-1/2